[Event "Corus"]
[Site "Wijk aan Zee"]
[Date "2004.01.19"]
[Round "8"]
[White "Akopian, Vladimir Eduardovic"]
[Black "Van Wely, Loek"]
[Result "1/2-1/2"]
[WhiteElo "2693"]
[BlackElo "2617"]
[Annotator "Oratovsky,M"]
[PlyCount "52"]
[EventDate "2004.01.10"]
[EventType "tourn"]
[EventRounds "13"]
[EventCountry "NED"]
[EventCategory "19"]
[SourceTitle "CBM 099"]
[Source "ChessBase"]
[SourceDate "2004.03.30"]
[SourceVersion "1"]
[SourceVersionDate "2004.03.30"]
[SourceQuality "1"]

1. e4 {[%mdl 4]} c5 2. Nf3 Nc6 3. Bb5 g6 4. Bxc6 dxc6 5. d3 Bg7 6. h3 Nf6 7.
Nc3 Nd7 {The favourite move of WC Kramnik. Black's idea is not ot lose time
for castle and to transfer the knight to e6 and d4 via f8. Also the rook on h8
is useful to protect the h6 pawn in case black wants to protect his
darksquared bishop from exchange. Also in this line black has an option for
0-0-0.} 8. Be3 e5 9. Qd2 {Most of the players, including top GMs, play this
automatically. Of course, this move looks very logical - white keeps the
possibility for both 0-0 and 0-0-0 and threatens Bh6, but since black has an
option for long castle it doesn't seem for me the best way for white. It
deserved serious attention} (9. Nd2 Qe7 10. Nc4 b6 $5 ({now doesn't work} 10...
Nf8 11. f4 $1 $16) (10... O-O 11. a4 Rd8 12. O-O Nf8 13. a5 Ne6 14. Qd2 Bd7 15.
f3 $14 {[%csl Rc5][%cal Gc3a4,Gd2f2] Oratovsky,M-Rogozenko,D Banter Chess 2003}
) 11. a4 Ba6 12. b3 Nf8 13. Qd2 Ne6 14. Bh6 Bxh6 15. Qxh6 Bxc4 16. bxc4 Nd4 17.
Kd2 Qf6 18. f3 $14 {[%cal Ga4a5] and white keeps a slight edge Oratovsky,
M-Illescas,M/rapid Spain 2003}) 9... h6 10. O-O Qe7 11. Nh2 Nf8 12. f4 exf4 13.
Rxf4 {Another critical position in this line. Now black has 2 main options} Ne6
{This move seems more logical then Be6:} (13... Be6 14. Raf1 ({too slow is} 14.
Rff1 Nd7 15. Qf2 b6 16. a4 a5 17. Nf3 O-O 18. Qg3 {[%cal Ge3f4]} g5 19. Rae1
Rae8 20. Kh1 Qd8 $11 21. d4 $6 (21. Bg1 $5 {[%cal Gg1h2]}) 21... Bc4 22. Rf2 $2
(22. Rg1 $8 f5 (22... Qb8 $5) 23. exf5 Rxe3 24. Rxe3 cxd4 25. Re4 Nc5 26. Rxd4
Bxd4 27. Rd1 $13) 22... f5 $19 {[%csl Re1][%cal Ge8e1]} 23. exf5 cxd4 {0-1
Oral,T-McShane,L/Qaqortoq 2003/EXT 2004 (30). (30)}) 14... Nd7 15. R4f2 {
[%csl Rh6]} b6 (15... f6 16. Nf3 b6 17. Ne2 h5 18. e5 (18. a4 $5 O-O-O 19. a5
$36) 18... O-O-O 19. exf6 Bxf6 20. Bg5 Bd5 21. Nc3 Rhf8 22. Nxd5 cxd5 23. Re1
Bxg5 24. Rxe7 Bxd2 25. Nxd2 Rde8 26. Rxf8 Rxf8 27. Nf3 $14) 16. Ng4 Bxg4 (16...
g5 $142 $13) 17. Rxf7 Qxf7 18. Rxf7 Kxf7 19. hxg4 Ne5 20. Qf2+ Ke7 21. Qg3 $14
{1-0 Grischuk,A-Radjabov,T/Bastia 2003/CBM 98 no vc (41). (40)}) 14. Rf2 Nd4
15. Raf1 Be6 16. b3 ({Another, more agressive, possibility was} 16. Ng4 $5
O-O-O (16... Bxg4 17. hxg4 (17. Rxf7 Qxf7 18. Rxf7 Kxf7 19. hxg4 Rad8 20. Nd1
$14 {[%csl Rh6][%cal Gc2c3,Gd1f2]}) 17... f6 18. Bxd4 (18. b4 $5 O-O-O 19. Ne2
Nxe2+ 20. Rxe2 cxb4 21. Bxa7 b5 22. Qe3 Rd7 23. Bc5 Qe6 24. Bxb4 $16 {1-0
Palac,M-Loncar,R/Zadar 2001/CBM 85 ext (46). (45)}) 18... cxd4 19. Ne2 O-O 20.
Nf4 (20. Nxd4 f5 $132) 20... Kh7 21. Qe2 Rf7 22. Qf3 Qe5 $11 {1/2-1/2 Delgado,
N-Corrales,F/Santa Clara 2003/EXT 2004 (40). (39)}) (16... f5 17. Nxh6 Qh4 18.
exf5 gxf5 19. Nxf5 Bxf5 20. Rxf5 Nxf5 21. Rxf5 O-O-O (21... b6 22. Bg5 $40 {
[%csl Re8]}) 22. Bxc5 $16 Rhe8 23. Bf2 Qb4 24. Bg3 Bd4+ 25. Kh2 Be3 26. Qd1 Bb6
27. Rf4 Qc5 28. Na4 {1-0 Vokarev,S-Khasin,A/Koszalin 1999/EXT 2000 (28).}) 17.
Nf6 (17. Nxh6 $6 {This move is very risky for white, since the knight can not
return to g4.} f6 {[%csl Rg1][%cal Gh8h7,Gd8h8]} (17... f5 18. Bg5 Bf6 19. Bxf6
Qxf6 20. Ng4 $14 {[%cal Gg4e3]}) (17... Nxc2 $2 18. Bg5 f6 19. Rxf6 $16) (17...
Rdf8 $5) 18. Na4 (18. e5 f5 19. Bg5 Qc7 $15 {[%csl Rh6]}) 18... b5 19. Nc3 Qf8
20. Ng4 Bxg4 21. hxg4 Qg8 $40 {[%cal Gg8h7]}) 17... Bxf6 18. Rxf6 Bf5 $1 {
enough to equalize} 19. Bxh6 Qxf6 20. Bg5 Qd6 21. exf5 (21. Bxd8 Rxd8 22. exf5
Nxf5 $11) 21... Nxf5 22. Bxd8 Rxd8 23. Qf2 Qd4 $11 {1/2-1/2 Fernandez,
D-Lesiege,A/Philadelphia 2003/EXT 2004 (25). (25)}) 16... O-O-O 17. Ne2 b6 18.
Nf4 Rd7 19. Nxe6 ({The last chance to fight for an advantage was} 19. a4 $5 {
[%csl Gb5]} a5 20. Nxe6 Qxe6 21. Nf3 Nxf3+ 22. Rxf3 $14) 19... Qxe6 20. Nf3 Nb5
21. Qe1 (21. a4 Nd6 22. Qc1 f5 23. exf5 Nxf5 24. Bf4 {[%cal Gf1e1,Gf2e2]} Bc3
25. Bd2 $13) 21... Re7 22. a4 Nd6 23. Bf4 f5 24. Re2 fxe4 25. Bxd6 Qxd6 26.
Rxe4 Rhe8 $11 {After 27.Nd2 Bc3 28.Re7 Qe7 29.Qe7 Re7 30.Ne4 Bd4+ the minor
pieces of both sides compensate each other.} 1/2-1/2

[Event "Linares 19th"]
[Site "Linares"]
[Date "2002.03.02"]
[Round "7"]
[White "Kasparov, Garry"]
[Black "Shirov, Alexei"]
[Result "1/2-1/2"]
[WhiteElo "2838"]
[BlackElo "2715"]
[Annotator "Oratovsky,M"]
[PlyCount "51"]
[EventDate "2002.02.22"]
[EventType "tourn"]
[EventRounds "14"]
[EventCountry "ESP"]
[EventCategory "20"]
[SourceTitle "CBM 088"]
[Source "ChessBase"]
[SourceDate "2002.03.21"]
[SourceVersion "1"]
[SourceVersionDate "2002.03.21"]
[SourceQuality "1"]

1. e4 {[%mdl 18]} c5 2. Nf3 Nc6 3. Bb5 g6 4. O-O Bg7 5. c3 Nf6 6. Re1 O-O 7. d4
(7. h3 e5 $1 (7... d5 8. e5 Ne4 9. d3 {[%csl Re4]}) 8. Bxc6 dxc6 9. Nxe5 Re8
10. d4 (10. f4 Nh5 11. d4 Qh4 $36 {[%csl Re1,Rf4]}) 10... cxd4 11. cxd4 Nxe4
12. Rxe4 Rxe5 $15) 7... cxd4 (7... d5 8. e5 Ne4 9. Bxc6 bxc6 10. Nbd2 Nxd2 11.
Nxd2 $5 {[%csl Gc5][%cal Gd2b3]} cxd4 12. cxd4 f6 13. exf6 Bxf6 14. Nb3 $14 {
1/2-1/2 Movsesian,S-Rogozenko,D/Koszalin 1998/CBM 65 ext (34)}) 8. cxd4 d5 9.
e5 Ne4 10. Nc3 (10. Bxc6 bxc6 11. Nbd2 {novadays is more popular plan}) 10...
Bf5 (10... Nxc3 11. bxc3 Bf5 12. Bxc6 bxc6 13. Ba3 a5 14. Nh4 Be6 15. Rb1 Qc7
16. h3 Rfb8 17. f4 $14 {1-0 Hracek,Z-McShane,L/Germany 1999/GER-chT (36)}) 11.
Nh4 (11. Qb3 Nxc3 12. bxc3 Na5 13. Qb4 Qc7 14. Bg5 a6 15. Ba4 Rfc8 16. Qxe7
Qxe7 17. Bxe7 Rxc3 18. Bb4 Rc4 19. a3 Bf8 $15 {[%csl Rd4][%cal Gb7b5] 0-1
Westerinen,H-Golod,V/Hoogeveen 1998/EXT 99 (41)}) 11... Be6 12. Bxc6 bxc6 13.
Na4 ({black has full compensation for sacrificed pawn after} 13. Nxe4 dxe4 14.
Rxe4 Bd5 15. Re1 a5 $44 {[%csl Gd5]}) 13... g5 14. Nf3 ({more promising for
white was sharp} 14. f3 $5 gxh4 15. fxe4 dxe4 16. Rxe4 (16. Nc5 $5) 16... Bf5
17. Rxh4 Bxe5 18. Bh6 Bg7 19. Bxg7 Kxg7 20. Qd2 $14 {[%csl Gc5,Rg7][%cal Ga1e1,
Ga4c5] with very comfortable play}) 14... f6 {[%csl Ge4]} 15. Be3 ({other
possibility was} 15. exf6 exf6 (15... Bxf6 16. Nxg5 $5 Bxg5 17. Rxe4 dxe4 18.
Bxg5 $36) 16. Nd2 f5 (16... Bf5 17. Nb3 $14 {[%csl Gc5][%cal Gf2f3]}) 17. Nb3
$13 {[%cal Gf2f3,Ga4c5]}) 15... g4 16. Nd2 fxe5 17. Nxe4 dxe4 18. Nc5 Bf5 19.
dxe5 Qxd1 (19... Bxe5 20. Qc2 Qd6 21. g3 $13 {[%csl Re4,Rf5,Rg4] difficult for
evaluation position:there is no any good pawn in blacks pawn structure and
weakness of the light squares near white king is not easy to use because of
"well" placed pawns e4 and g4,but black's position is still full of life}) 20.
Raxd1 Bxe5 21. Nd7 $11 Bxd7 22. Rxd7 Bxb2 23. Rxe7 ({of course not} 23. Bxa7 $2
Rxa7 24. Rxa7 Bd4 $15 {[%csl Rf2]}) 23... Rfe8 24. Rc7 Rec8 25. Re7 Re8 26. Rc7
1/2-1/2

[Event "Carlos Torre Wimbledon 16th"]
[Site "Merida"]
[Date "2003.12.20"]
[Round "4.2"]
[White "Quesada Perez, Yuniesky"]
[Black "Filippov, Valerij"]
[Result "1-0"]
[WhiteElo "2475"]
[BlackElo "2630"]
[Annotator "Oratovsky,M"]
[PlyCount "91"]
[EventDate "2003.12.17"]
[EventType "k.o."]
[EventRounds "4"]
[EventCountry "MEX"]
[SourceTitle "CBM 099"]
[Source "ChessBase"]
[SourceDate "2004.03.30"]
[SourceVersion "1"]
[SourceVersionDate "2004.03.30"]
[SourceQuality "1"]

{[%mdl 2]} 1. e4 c5 2. Nf3 Nc6 3. Bb5 g6 4. c3 Nf6 (4... Bg7 5. d4 Qb6 (5...
cxd4 6. cxd4 Qb6 7. Nc3 a6 (7... Nxd4 8. Nd5 Nxf3+ 9. Qxf3 $16) 8. Ba4 e6 9. d5
Nd4 10. O-O Nxf3+ 11. Qxf3 Ne7 12. Bb3 O-O 13. Bg5 $16 {1-0 Smirin,I-Harestad,
T/Panormo 2001/CBM 84 ext (25). (24)}) 6. a4 cxd4 7. O-O a6 8. Bxc6 Qxc6 9.
cxd4 Qxe4 10. Nc3 Qf5 11. Re1 d5 (11... d6 $5) 12. a5 Bd7 13. Qb3 Nf6 $4 14.
Re5 {[%csl Rf5]} Qd3 15. Rxe7+ Kxe7 16. Nxd5+ $18 {1-0 Bronstein,D-Geller,E/
Gothenburg 1955/IZT (23). (22)}) (4... a6 5. Bxc6 dxc6 6. d4 cxd4 7. cxd4 Bg7
8. e5 (8. h3 Nf6 9. Nc3 O-O 10. O-O $14) 8... Bg4 9. O-O e6 10. Be3 Ne7 $11 {
1-0 Sebag,M-Golubenko,V/playchess.com 2003/EXT 2004 (44). (43)}) 5. e5 (5. Qe2
Bg7 6. O-O O-O 7. d4 d5 8. e5 Ne4 9. Be3 cxd4 10. cxd4 f6 11. exf6 exf6 12. Nc3
Be6 13. Rac1 g5 $6 (13... Rc8 $11) 14. Nd2 Nxd2 15. Qxd2 Ne7 16. Rfe1 Bf7 17.
Na4 b6 18. Nc3 $14 {1/2-1/2 Smirin,I-Smirnov,P/Rethymnon 2003/CBM 98 no vc (80)
. (79)}) 5... Nd5 6. O-O (6. d4 cxd4 7. Qb3 (7. Bxc6 dxc6 8. Qxd4 Bg7 9. O-O
O-O (9... Qb6 10. Qh4 h6 11. Re1 Bf5 12. Na3 $13) 10. Qh4 h5 11. h3 f5 12. Bg5
b5 13. Nbd2 Qc7 14. Rfe1 f4 15. Rac1 Ba6 16. b3 Rae8 17. c4 $16 {1/2-1/2 Short,
N-Chahrani,I/Ajelat 2003/EXT 2004 (46). (45)} (17. a3 $16 {[%cal Gc3c4]})) 7...
Nc7 8. Bc4 d5 (8... Ne6 9. cxd4 Na5 10. Qc3 Nxc4 11. Qxc4 Qc7 12. Qc3 $14 {
[%cal Gc1e3]}) 9. exd6 Ne6 10. cxd4 Qxd6 11. d5 Ned4 12. Nxd4 Nxd4 13. Qd1 Qb4+
14. Nd2 Bg7 15. O-O O-O $15 {1/2-1/2 Georgiev,K-Yagupov,I/Istanbul 2003/CBM 96
(64). (63)}) 6... Bg7 7. d4 cxd4 8. cxd4 ({After} 8. Bxc6 {white transfers to
the Yuferovs variation}) 8... O-O 9. Nc3 Nc7 (9... Nxc3 10. bxc3 d6 11. exd6 (
11. Re1 $5 dxe5 12. Bxc6 bxc6 13. Nxe5 $14 {[%cal Gc1a3]}) 11... Qxd6 12. Re1
a6 13. Bxc6 Qxc6 $11 {1/2-1/2 Nevednichy,V-Smetankin,S/Avoine 2002/CBM 89 ext 
(23). (23)}) 10. Bf4 Nxb5 11. Nxb5 a6 12. Nc3 d6 13. exd6 Bg4 {this move is
not necessary} ({according to theory} 13... exd6 {is sufficient for equality.})
14. d5 Nd4 15. Qe1 $1 $146 {[%mdl 8] Important novelty. After this move I
couldn't find any acceptable for black continuation.} (15. Qd3 Bxf3 16. dxe7
Qxe7 17. gxf3 Qf6 18. Bg3 Nxf3+ 19. Kg2 Nh4+ 20. Kh1 Nf5 $13 {0-1 Krauseneck,
P-Tischbierek,R/Germany 1994/GER-chT (56). (56)}) 15... Nxf3+ ({probably
better was} 15... exd6 16. Nxd4 Bxd4 17. Qd2 (17. Qe4) 17... Bg7 18. Ne4 Be5 (
18... Qb6 19. h3 $16 {[%csl Rd6,Rg4]}) 19. Bxe5 dxe5 20. d6 Bf5 21. Rfe1 $14 {
whites passer d6 is very dangerous here}) ({doesn't change a lot} 15... e5 16.
Nxe5 (16. dxe6 Nxf3+ 17. gxf3 Bxe6 $14 {see the game} (17... fxe6 18. fxg4 Rxf4
19. Qxe6+ Kh8 20. Nd5 $18)) (16. Nxd4 $6 exf4 17. Qe4 Qxd6 18. Rfe1 Rac8 $15)
16... Nc2 17. Qd2 Bxe5 18. Bxe5 Nxa1 19. Rxa1 f6 20. Bg3 $44) 16. gxf3 e5 $8
17. dxe6 {it is better than} (17. fxg4 exf4 18. Qe7 Re8 19. Qxd8 (19. Qxb7 Qh4
$17) 19... Rexd8 20. Rfd1 Rac8 $11) 17... Bxe6 18. Qd2 $14 {In the arised
position it looks like black has some compensation for the sacrificed pawn,
but there are concret problems. White threatens to exchange one of black's
bishops by Bh6 and Nd5, so how to prevent it?} Qa5 (18... Re8 19. Nd5 {with an
obvious advantage.}) 19. Bh6 Rad8 20. Bxg7 Kxg7 21. Qd4+ f6 22. Rfe1 Qg5+ 23.
Kh1 Bh3 24. Re7+ Rf7 25. Rg1 Qh5 26. Re3 $16 {For white it is better to keep 4
rooks on the board. Like this white king is safer and white rooks are more
active because of the passer d6.} (26. Rxf7+ Kxf7 27. Rg3 {[%cal Gc3e4]} Re8
28. Ne4 {[%csl Rf6]}) 26... Bd7 27. Qb6 Re8 28. Qxb7 Rxe3 29. fxe3 Qc5 (29...
Bc8 30. Qd5 (30. Qxc8 $2 Qxf3+ $11) 30... Qxd5 31. Nxd5 Bb7 32. Rd1 Rd7 33. Nb6
Bxf3+ 34. Kg1 Rd8 35. Rd4 $18 {[%cal Gb6a4,Ga4c5]}) 30. Qxa6 Qxe3 31. Qe2 Qf4
32. Rd1 $18 Bc6 33. Rd3 g5 34. Qe3 Qb4 (34... Qxe3 35. Rxe3 Rd7 36. Rd3 g4 37.
Kg1 $18 {[%cal Gb2b4]}) 35. Qd2 g4 36. Ne4 Qb5 37. Kg1 gxf3 38. Ng3 h5 39. Rd4
Rd7 40. Qf4 Qxb2 $2 $138 ({more resistable was} 40... Kf7 41. Rd2 (41. Qf5 Qxb2
42. Qxh5+ Kf8 43. Qh6+ Kf7 44. Qd2 Qxd2 45. Rxd2 Ke6 $16) 41... Qe5 42. Qc4+
Kf8 43. Kf2 Rxd6 44. Qb4 Bd5) 41. Nxh5+ {with mating attack} Kg8 42. Nxf6+ Kg7
43. Ne8+ Kg8 44. Qg5+ Kf8 45. Rf4+ Rf7 46. Qe7+ 1-0

[Event "Hastings 0304 79th"]
[Site "Hastings"]
[Date "2003.12.30"]
[Round "3"]
[White "Cherniaev, Alexander"]
[Black "Kotronias, Vasilios"]
[Result "0-1"]
[WhiteElo "2476"]
[BlackElo "2626"]
[Annotator "Oratovsky,M"]
[PlyCount "76"]
[EventDate "2003.12.28"]
[EventType "tourn"]
[EventRounds "9"]
[EventCountry "ENG"]
[EventCategory "13"]
[SourceTitle "CBM 099"]
[Source "ChessBase"]
[SourceDate "2004.03.30"]
[SourceVersion "1"]
[SourceVersionDate "2004.03.30"]
[SourceQuality "1"]

1. e4 c5 2. Nf3 Nc6 3. Bb5 g6 4. Bxc6 dxc6 5. d3 Bg7 6. h3 b6 7. Nc3 e5 8. O-O
({In this line the plan with 0-0-0 doesn't promise white any opening advantage.
Black simply castles kingside and it is hard to find for white some active
play. In my opinion more intresting looks 0-0 and then a3-b4 if black plays
Ne7 or Nh2 and f4 in case f6 with Nh6-f7.} 8. Be3 Ne7 9. Qd2 h6 10. Nh2 (10. g4
Be6 11. O-O-O Qd7 12. Rhg1 O-O-O 13. Kb1 f6 14. Na4 Kb8 15. Qc3 Nc8 16. Nh4 Qf7
17. b3 Nd6 $132 {[%cal Gd6b5,Gb5d4] 1-0 Nisipeanu,L-Halkias,S/Istanbul 2003/
CBM 96 (52). (51)}) 10... Be6 11. O-O-O Qd7 12. Kb1 O-O-O 13. Qe2 f5 14. exf5
gxf5 15. f4 Rhe8 16. Qd2 Qb7 17. fxe5 Bxe5 {1/2-1/2 Adams,M-Kramnik,V/Las
Vegas 1999/CBM 72 (17).}) 8... f6 {The favourite plan of the greek GM. I've
managed to beat him in a decisive game, making my last GM norm!} (8... Ne7 9.
a3 a5 10. b3 $5 (10. Be3 $5 {[%cal Gc3a4,Gb2b4] idea of GM Rublevsky}) 10...
O-O 11. Bb2 Qd6 12. a4 f6 13. Nd2 $14 {[%cal Gc3e2,Gf2f4,Gd2c4] 1/2-1/2 Glek,
I-Kishnev,S/Recklinghausen 1999/EXT 2000 (60). (60)}) 9. a3 {Now white may use
the fact that his darksquared bishop is still on c1 and the advance f4 without
losing tempo by Be3 according my game with Kotronias. In my opinion this is
the best plan here.} (9. Nh2 $1 {[%mdl 4]} Nh6 10. f4 exf4 11. Bxf4 O-O 12. Qd2
Nf7 13. Nf3 Be6 14. a4 $1 {an important intermediate. Before the breakthrough
in the centre, white first weakens black's queenside.} a5 15. Rad1 Qd7 16. Kh1
Rae8 17. Qf2 Re7 18. d4 cxd4 19. Nxd4 Qb7 20. Nxe6 Rxe6 21. Qd4 $1 {[%cal
Gd4c4]} Rfe8 22. Qc4 Bf8 23. Rd3 Bc5 24. Rfd1 Qc8 25. Rd7 R8e7 26. Rxe7 Bxe7
27. Nd5 Bd8 28. Be3 Ne5 29. Qc3 Qb8 30. Nxb6 $1 $18 {[%cal Gc3b3] Oratovsky,
M-Kotronias,V Lisboa 2001 1-0}) 9... Nh6 10. b4 cxb4 11. axb4 Nf7 12. Be3 $6 {
Black's setup is connected with counterplay on the kingside after f5-f4 then
g5 or Ng5. So deserved attention} (12. Bb2 $5 O-O 13. Ra4 {[%cal Gd1a1,Gf1e1]
and if black plays f5, the pawn e5 becomes an object for the attack.}) 12... f5
(12... O-O 13. Ra4 f5 14. Qa1 (14. exf5 gxf5 {[%cal Ge5e4]}) 14... f4 15. Bc1
Ng5 $36) 13. Qb1 $6 (13. exf5 gxf5 14. Re1 O-O 15. Bd2 $13) 13... f4 14. Bd2
O-O ({after} 14... Ng5 15. Nxg5 Qxg5 16. Kh2 Qh4 {[%cal Gf4f3]} 17. f3 Qg3+ 18.
Kh1 Bxh3 19. gxh3 Qxh3+ {white cannot escape from perpetual, but black goes
for more!}) (14... g5 $5 15. b5 h5 16. bxc6 g4 17. Nh2 gxh3 18. g3 $36) 15. Qb3
Qe7 $1 {[%cal Gc8e6] Now the white king is in danger!} (15... Kh8 {[%cal Gf7g5]
}) 16. Nb1 $6 {There is no time for such moves.} ({deserved serious attention
attempt to keep blacks bishop protecting "c" pawn} 16. Qc4 Bd7 (16... Be6 $6
17. Qxc6 Rac8 18. Rxa7 $1 (18. Qa4 $6 Ng5 19. Nxg5 Qxg5 20. Kh2 Qh4 21. Qxa7 f3
22. Qxb6 Bg4 23. Qe3 {[%cal Ge3g5]} {[%tqu "En","","","","c8c3","",10,"f3g2",
"",0]} Rxc3 $1 (23... fxg2 24. Kxg2 Bf3+ 25. Qxf3 Rxf3 26. Kxf3 Bh6 $15) 24.
Bxc3 Bh6 25. Qc5 Bf4+ 26. Kg1 fxg2 27. Qd5+ Rf7 28. Ra8+ Kg7 29. Bxe5+ Kh6 30.
Bxf4+ Rxf4 {with mating attack}) (18. Nd5 Bxd5 19. Qxd5 Rxc2 20. b5 $16) 18...
Qxa7 19. Qxe6 {[%cal Gc3d5]} Rfe8 20. Qb3 $16) 17. Ra6 $132 {[%cal Gf1a1]})
16... Be6 17. Qb2 Ng5 18. Nxg5 Qxg5 19. Kh2 Rf6 {[%csl Rh3][%cal Gg5h5,Gg6g5,
Gf6h6]} 20. Rh1 Qh5 21. f3 g5 22. Kg1 (22. Bc3 g4 23. Bxe5 Rg6 24. Bxg7 gxh3
$18) 22... Rh6 {[%cal Gg5g4]} 23. Be1 (23. Na3 g4 24. fxg4 Bxg4 25. Nc4 Be6 $17
{[%cal Gh5e2,Gh6g6]} (25... Bf3 26. Rh2)) 23... g4 24. fxg4 Bxg4 25. Nd2 Bf6 {
[%cal Gg8h8,Ga8g8] A human's move! Black wants all his pieces in the attack.
Stronger was} (25... f3 $1 26. g3 Bxh3 27. Bf2 Qg4 28. Nc4 {[%cal Gc4e3,Gc4e5]}
{[%tqu "En","","","","h3f1","",10,"h3g2","",0]} Bf1 $3 (28... Bg2 29. Rxh6 Bxh6
30. Nxe5 Qh5 31. Bd4 $16 {[%cal Gb2b3]}) 29. Rxh6 Bxh6 $19 {[%cal Gg4h3]}) 26.
Bf2 Kh8 27. Rh2 Rg8 28. Kf1 Be6 29. Ke1 $2 {Nowhere to escape.... Better was
to enter the queen in the game} (29. Qc3 $1 {[%csl Ra7,Rc6]} Rhg6 30. Qxc6 Be7
31. Nf3 Bxh3 (31... Rxg2 32. Qxe6 Qxf3 33. Qxe5+ R8g7 34. Qb8+ Rg8 35. Qe5+ $11
) 32. Rxh3 Qxh3 33. gxh3 $5 (33. Qxg6 Qh1+ 34. Ke2 Qxa1 35. Qe6 $132) 33...
Rxc6 34. Rxa7 Bf6 35. c4 $14) 29... Rhg6 $19 30. Rxa7 Rxg2 31. Rxg2 Rxg2 {
[%cal Gf6h4,Ge6h3,Rg2f2] Whites position is undefendable.} 32. Ra8+ Kg7 33. Qa1
Bh4 34. Qa7+ Bf7 35. Qb8 Bxf2+ 36. Kf1 Qd1+ 37. Kxg2 Qg1+ 38. Kf3 Bh5# 0-1

[Event "Pulvermuehle 2nd"]
[Site "Pulvermuehle"]
[Date "2004.02.27"]
[Round "10"]
[White "Naiditsch, Arkadij"]
[Black "Skripchenko, Almira"]
[Result "1-0"]
[WhiteElo "2576"]
[BlackElo "2456"]
[Annotator "Oratovsky,M"]
[PlyCount "63"]
[EventDate "2004.02.19"]
[EventType "tourn"]
[EventRounds "11"]
[EventCountry "GER"]
[EventCategory "11"]
[SourceTitle "CBM 100"]
[Source "ChessBase"]
[SourceDate "2004.06.01"]
[SourceVersion "1"]
[SourceVersionDate "2004.06.01"]
[SourceQuality "1"]

1. e4 {[%mdl 524]} c5 2. Nf3 Nc6 3. Bb5 g6 4. Bxc6 dxc6 5. d3 Bg7 6. h3 Nf6 7.
Nc3 Nd7 8. O-O e5 (8... Nf8 $5 9. Ne2 (9. Bf4 Ne6 10. Be5 f6 11. Bg3 O-O $11)
9... e5 10. Be3 Ne6 11. Qd2 h6 12. Nh2 b6 13. Rad1 g5 14. Ng3 Nf4 $132 {
1/2-1/2 Adams,M-Van Wely,L/France 2003/CBM 95 (23). (22)}) 9. Bg5 $1 $146 {
Intresting novelty. The idea is to provoke f6 then for white will be easier to
advance d4.} (9. Nh2 {[%cal Gf2f4] without losing a tempo for Be3.} g5 $6 {
[%csl Rf5,Rh5]} (9... Nf8 $142) 10. Ne2 Nf8 11. Ng3 Ng6 12. Ng4 h5 13. Ne3 Nf4
14. Ngf5 Qf6 15. Kh2 Bd7 16. g3 $14 {1/2-1/2 Kovalevskaya,E-Kosintseva,N/
Krasnoturinsk 2003/CBM 95 ext (41). (40)}) (9. a3 Nf8 10. b4 Ne6 11. Na4 cxb4
12. axb4 O-O 13. Be3 Bd7 14. Qd2 f6 15. Nc5 b6 16. Nb3 $14 {[%cal Ga1a2,Gf1a1]
1-0 Castellanos,R-Simonet Pons,M/Andorra 2003/CBM 95 ext (39). (38)}) 9... f6
10. Be3 Qe7 11. a3 Nf8 $6 {Better was to continue the development not losing
time for the knight maneuvre.} (11... O-O 12. b4 $6 cxb4 13. axb4 Qxb4 14. Qd2
b6 15. Rfb1 Qd6 16. Bxb6 Nxb6 17. Rxb6 axb6 (17... Bxh3 $5) 18. Rxa8 Be6 $15)
12. b4 Ne6 13. Na4 b6 (13... cxb4 $5 14. axb4 {[%cal Ga4b6]} Nc7 $1 {[%cal
Gb7b6,Ye8g8]} 15. Qd2 {[%cal Gd2c3]} b6 16. Qc3 Bd7) 14. bxc5 b5 (14... bxc5
15. Nd2 (15. Qd2 Nd4 16. Bxd4 (16. Nh2 Be6 {[%cal Gc5c4]}) 16... cxd4 17. Rfb1
$13) 15... f5 16. f3 (16. exf5 gxf5 17. Nc4 O-O 18. Bd2 e4 $132 {[%cal Gc8a6]})
16... f4 17. Bf2 g5 {[%cal Gh7h5,Gg5g4]}) 15. Nc3 Nxc5 16. d4 exd4 17. Nxd4 Bd7
$6 {another inaccuracy} (17... Bb7 $142) 18. a4 $1 b4 {[%tqu "En","","","",
"d4b5","",10]} 19. Ndb5 $3 cxb5 $2 {and this is already the decisive mistake.}
(19... O-O $142 20. Bxc5 (20. Qd6 Qxd6 21. Nxd6 Ne6 22. Ne2 f5 $15) 20... Qxc5
21. Qxd7 cxb5 22. Nxb5 f5 $132) 20. Nd5 $40 Qd6 21. Bf4 Qc6 22. axb5 Qb7 23.
Nc7+ Kf7 24. Qd4 g5 (24... Bf8 $142 25. Nxa8 Qxa8 26. Qxb4 (26. b6 a6 (26... a5
27. Qxb4 axb4 28. Rxa8 Bc6 29. Rc8 Bxe4 30. Re1 $18) 27. Qxb4 Be6 $14) (26. Bd6
Bxd6 27. Qxd6 Rc8 28. Rfb1 $14) 26... Ne6 27. Qb3 $16 {[%cal Gf4e3]}) 25. Qxc5
gxf4 26. Rfd1 Be6 (26... Rhd8 $8 27. Rd4 $1 {[%cal Ga1d1]} (27. Nxa8 Rxa8 $14)
27... Rac8 (27... f5 28. e5) (27... Bf8 28. Qc4+ Kg7 29. Rad1 Bxb5 30. Nxb5
Rxd4 31. Rxd4 $40) 28. Rxa7 Qb8 29. b6 $18) 27. Qh5+ $18 Ke7 28. Nxe6 Kxe6 29.
Qg4+ f5 30. Ra6+ $1 Kf7 31. Qxf5+ Kg8 32. Rd7 1-0